Congregación para la doctrina de la fe
Furkejuvvon:
| Materiálatiipa: | Girji |
|---|---|
| Giella: | Undetermined |
| Almmustuhtton: |
San José, Costa Rica
Ediciones Promesa
2001
|
| Fáttát: | |
| Fáddágilkorat: |
Lasit fáddágilkoriid
Eai fáddágilkorat, Lasit vuosttaš fáddágilkora!
|
MARC
| LEADER | 00000nam a2200000Ia 4500 | ||
|---|---|---|---|
| 008 | 170316s9999 xx 000 0 und d | ||
| 090 | |a 230 C-4c | ||
| 245 | |a Congregación para la doctrina de la fe | ||
| 260 | |a San José, Costa Rica | ||
| 260 | |b Ediciones Promesa | ||
| 260 | |c 2001 | ||
| 300 | |a 105 páginas | ||
| 650 | |a TEOLOGÍA | ||
| 650 | |a TEOLOGÍA DOGMÁTICA | ||
| 650 | |a ESPÍRITU SANTO | ||
| 650 | |a JESUCRISTO | ||
| 650 | |a IGLESIA CATÓLICA | ||
| 650 | |a LENGUAS DE PANAMÁ | ||
| 999 | |c 17993 |d 17993 | ||
| 040 | |a cru BVZT | ||
| 942 | |c 15 D |h 230 C-4c |2 z | ||
